header

The politics of NGOs in South-East Asia (Record no. 1759)

MARC details
000 -LEADER
fixed length control field 01573nam a2200373 a 4500
082 04 - DEWEY DECIMAL CLASSIFICATION NUMBER
Classification number 322/.0959
100 1# - MAIN ENTRY--AUTHOR NAME
Personal name Clarke, Gerard,
245 14 - TITLE STATEMENT
Title The politics of NGOs in South-East Asia
260 ## - PUBLICATION, DISTRIBUTION, ETC. (IMPRINT)
Place of publication London ;
-- New York :
Name of publisher Routledge,
Year of publication 1998.
300 ## - PHYSICAL DESCRIPTION
Number of Pages xxxii, 299 p. :
Other physical details map.
490 1# - SERIES STATEMENT
Series statement Politics in Asia series
650 #0 - SUBJECT ADDED ENTRY--TOPICAL TERM
Topical Term Non-governmental organizations
Topical Term Non-governmental organizations
Topical Term Political participation
Topical Term Political participation
856 40 - ELECTRONIC LOCATION AND ACCESS
Uniform Resource Identifier http://site.ebrary.com/lib/rucke/Doc?id=5002856

No items available.

© 2026 Rongo University
Contact us: librarian | system librarian | Rongo university